Quiz sulla Nuova Zelanda - Statistics

Statistiche generali
  • Questo quiz è stato fatto 1.080 volte
  • Il punteggio medio è 9 su 21
Statistiche sulle risposte
Hint Risposta % Corretto
Capitale Wellington
93%
Moneta della Nuova Zelanda Dollaro
76%
La Nuova Zelanda è stata il primo paese a concedere loro il suffragio universale Donne
76%
Popoli indigeni della Nuova Zelanda Maori
71%
Città più popolosa Auckland
69%
Uccello simbolo della Nuova Zelanda Kiwi
68%
Soprannome della nazionale di rugby neozelandese All Blacks
58%
Montagna più alta Aoraki / Monte Cook
50%
Paese in cui si trova la provincia di Zeeland da cui deriva il nome del Paese Paesi Bassi
47%
Costellazione che compare sulla bandiera Croce del Sud
45%
Trilogia di Peter Jackson girato principalmente in Nuova Zelanda Il signore degli anelli
45%
Nel 1982 questo animale ha raggiunto un picco di 70 milioni di esemplari nel Paese Pecora
37%
Città più popolosa dell'Isola del Sud Christchurch
35%
Catena montuosa di cui fa parte Alpi meridionali
28%
Primo esploratore europeo che raggiunse la Nuova Zelanda Abel Tasman
22%
Così è chiamata la Nuova Zelanda, nella lingua di cui sopra Aotearoa
17%
Leggendario alpinista morto nel 2008 Edmund Hillary
17%
Gigantesco uccello incapace di volare estinto dal 1500 d.C. Moa
14%
Una delle attrazioni turistiche della Nuova Zelanda Milford {Sound}
13%
Lago più grande Lago {Taupo}
11%
Fiume più lungo Waikato
8%
Nessun quiz corrispondente trovato
Distribuzione punteggi
Percentuale di utenti per punteggio
Percentile per numero di risposta
I tuoi punteggi nel tempo
Non hai fatto questo quiz